000 00690nam a2200241Ia 4500
003 OSt
005 20220925215206.0
006 a|||||r|||| 00| 0
007 ta
008 220923b |||||||| |||| 00| 0 eng d
037 _cGeneral Book
040 _aRTL
_cRTL
_beng
041 _2eng
_aeng
082 _aY:675.3.N7, L5
100 _aHall Phoebe, and others
_9282371
245 0 _aChange, choice and conflict in social policy
260 _aLondon
_bHeinemann
_c1975
300 _ax,555p
_ccm.
500 _aBibliography: p 510-517
650 _aSocial Planning
942 _hY:675.3.N7, L5
_cGB
_2CC
999 _c568176
_d568176